OPAC Home

වර්ග තර්ක ශාස්ත්‍රය (Record no. 80322)

MARC details
000 -LEADER
fixed length control field 00521nam a2200169Ia 4500
003 - CONTROL NUMBER IDENTIFIER
control field LK-CoDNM
008 - FIXED-LENGTH DATA ELEMENTS--GENERAL INFORMATION
fixed length control field 140723t2021 xxu||||| |||| 00| 1 sin d
020 ## - INTERNATIONAL STANDARD BOOK NUMBER
International Standard Book Number
-- 9789553118967
040 ## - CATALOGING SOURCE
Original cataloging agency LK-CoDNM
Modifying agency LK-CoDNM
Description conventions LK-CoDNM
041 ## - LANGUAGE CODE
Language code of text/sound track or separate title Sinhala; Sinhalese
080 ## - UNIVERSAL DECIMAL CLASSIFICATION NUMBER
Universal Decimal Classification number 17
Item number PAL
942 ## - ADDED ENTRY ELEMENTS (KOHA)
Koha item type Books
100 ## - MAIN ENTRY--PERSONAL NAME
Personal name පලිහවඩන, කැනීෂියස්
Personal name (Transliterated) Palihawadana,Keneesiyas
245 ## - TITLE STATEMENT
Title වර්ග තර්ක ශාස්ත්‍රය
246 ## - VARYING FORM OF TITLE
Title proper/short title Warga Tharka Sasthraya
260 ## - PUBLICATION, DISTRIBUTION, ETC. (IMPRINT)
Name of publisher, distributor, etc. Sarasawi Publisher
Place of publication, distribution, etc. Nugegoda
Date of publication, distribution, etc. 2021
Holdings
Withdrawn status Lost status Damaged status Not for loan Collection code Permanent Location Current Location Date acquired Cost, normal purchase price Full call number Barcode Koha item type
        Monographs Library National Museum Colombo - Sri Lanka Library National Museum Colombo - Sri Lanka 2023-07-16 325.00 17 PAL 173749 Books
Copyright © 2023 Department of National Museum, Colombo 07, Sri Lanka Funded by UNESCO IFAP UNESCO